[Event "Charity Cup MCCT Prel 2022"]
[Site "Online"]
[Date "2022.03.15"]
[Round "8.1"]
[White "Niemann, Hans Moke"]
[Black "Ju, Wenjun"]
[Result "1-0"]
[WhiteElo "2642"]
[BlackElo "2560"]
[Annotator "TA"]
[PlyCount "99"]
[EventDate "2022.03.18"]
[EventType "tourn"]
[EventCountry "NET"]
[SourceTitle "playchess.com"]
[Source "ChessBase"]
[SourceQuality "1"]

{[%evp 9,99,0,8,11,25,25,40,25,37,33,28,28,27,25,35,30,34,6,1,21,76,77,76,76,79,79,145,156,172,176,237,218,205,187,200,189,291,290,370,365,368,358,366,354,319,244,368,347,490,467,662,613,709,413,552,327,412,402,402,361,348,315,698,694,1423,1415,1820,1965,1894,894,1808,1602,1601,1601,1368,1279,1116,666,1210,681,1262,1261,807,1873,1834,1651,3060,2002,6516,6215,2629,2440]} 1. d4 Nf6 2. Nc3 d5 3. Bf4 a6 4. e3 {[%cal Be2e3,Be3e4,Be4e5][%mdl 32]} Bf5 5. Bd3 Bxd3 6. cxd3 {D00: 1 d4 d5: Unusual lines.} e6 7. Qb3 b6 8. Nf3 {White is slightly better.} Nbd7 {[#]} 9. e4 $146 {[%cal Re4d5]} ({Predecessor:} 9. O-O Be7 10. Qa4 b5 11. Qc2 Rc8 12. Ne2 c5 13. dxc5 Rxc5 14. Qd2 O-O 15. b4 {½-½ (32) Wittig,D-Goehring,D freechess.de 2015}) 9... c6 {[%cal Bc7c6,Bc6c5][%mdl 32]} 10. h3 Be7 11. e5 Ng8 12. Ne2 h5 13. O-O-O c5 14. Kb1 h4 (14... Bf8 $11) 15. g4 $16 {White is more active. White stays focused until the end.} hxg3 16. fxg3 Nh6 17. g4 {Prevents Nf5.} b5 (17... Qc8 $142) 18. dxc5 $1 Nxc5 19. Qc2 Rc8 (19... Qd7 $142 20. Rc1 Qb7) 20. Rc1 $18 {b4 is the strong threat.} Kd7 21. Qd2 Qb6 22. Ned4 b4 (22... Rhd8 $142 23. Rc2 b4) 23. g5 Nf5 24. Nxf5 {Really sharp!} exf5 25. e6+ fxe6 26. Ne5+ (26. d4 Ne4 27. Ne5+ Kd8 $14) 26... Kd8 27. Qc2 Rh4 (27... b3 $142 28. axb3 Rh4) 28. Qf2 Rh7 (28... Rxf4 $142 29. Qxf4 Rc7) 29. Rc2 {Threatens to win with Rhc1.} b3 (29... Na4 $142 30. Rxc8+ Kxc8 31. Qc2+ Nc3+ 32. bxc3 bxc3+ 33. Ka1 Qb2+ 34. Qxb2 cxb2+ 35. Kxb2 Rh5) 30. axb3 Qxb3 31. Rc3 Qb5 32. d4 Na4 33. Rxc8+ Kxc8 34. Qc2+ Kb7 35. Rc1 {Intending Qc8+ and mate.} Rh8 {Prevents Qc8+.} (35... Qxb2+ 36. Qxb2+ Nxb2) 36. Ng6 {[%csl LRe7,LRh8] White is clearly winning.} Re8 37. Nxe7 Rxe7 38. Qc8+ ({Less strong is} 38. Bd6 Rd7 $16) 38... Ka7 39. Rc7+ $1 Rxc7 40. Qxc7+ Ka8 41. Qd8+ Ka7 {[#]} 42. Qe7+ $1 Qb7 43. Qxb7+ Kxb7 {[%mdl 4096] Endgame KB-KN} 44. g6 Nb6 45. Be5 Nc8 46. h4 {[%cal Bh3h4,Bh4h5][%mdl 32]} ({Weaker is} 46. Bxg7 Ne7 $18) 46... Ne7 47. h5 f4 48. Bxf4 {Hoping for Be5.} ({But not} 48. Bxg7 $2 f3 49. Bf8 {[#]} f2 $1 50. Bxe7 f1=Q+ $19) 48... Nf5 49. Be5 {[%cal Oe5g7] aiming for Bxg7!} Kc6 {[#]} 50. Bxg7 $1 {[%mdl 512] Weighted Error Value: White=0.29 (precise) /Black=0.54} 1-0

[Event "Charity Cup MCCT Prel 2022"]
[Site "Online"]
[Date "2022.03.15"]
[Round "8.2"]
[White "Vidit, Santosh Gujrathi"]
[Black "Le, Quang Liem"]
[Result "0-1"]
[WhiteElo "2727"]
[BlackElo "2709"]
[Annotator "TA"]
[PlyCount "100"]
[EventDate "2022.03.18"]
[EventType "tourn"]
[EventCountry "NET"]
[SourceTitle "playchess.com"]
[Source "ChessBase"]
[SourceQuality "1"]

{[%evp 12,100,14,5,23,23,14,0,0,7,10,11,26,0,0,0,0,-21,-12,-16,-11,-3,0,0,0,0,0,0,0,-598,-599,-606,-611,-611,-611,-611,-610,-616,-616,-616,-616,-616,-616,-601,-605,-605,-605,-605,-605,-605,-554,-650,-604,-848,-817,-817,-806,-955,-908,-895,-894,-1321,-1310,-1279,-1265,-1248,-1233,-1183,-1012,-12024,-8052,-29962,-29960,-29959,-29961,-29950,-29943,-12837,-7460,-6187,-4982,-29967,-29967,-29977,-29976,-29982,-29983,-29984,-29978,-29979,-29974]} 1. e4 e5 2. Nf3 Nc6 3. Bc4 Nf6 4. d3 Bc5 5. O-O d6 6. c3 O-O 7. Re1 Bb6 {C54: Giuoco Piano: 4 c3 Nf6, main lines with 5 d4 and 5 d3.} 8. h3 Ne7 $1 {8...Ne7 scores better than 8...h6.} 9. d4 Ng6 {The position is equal.} 10. a4 {Strongly threatening a5.} c6 11. Bf1 {[#]} d5 $146 ({Predecessor:} 11... h6 12. dxe5 dxe5 13. Nbd2 Bc7 14. Qc2 Nh5 15. b4 Qf6 16. a5 Nhf4 17. Kh2 b6 {½-½ (70) Janisch,M (2399)-Kevicky,M (2420) ICCF email 2016}) 12. exd5 e4 13. Ne5 cxd5 14. Na3 Be6 15. Nxg6 fxg6 16. Bf4 Nh5 {[%cal Bf6h5,Bh5f4,Bf4h3][%mdl 32]} 17. Be5 Bc7 18. Nb5 Bxe5 19. dxe5 Nf4 $1 {[%cal Of4h3]} 20. Nd4 $2 {[%mdl 8192] [#] Black converts the advantage convincingly.} (20. Re3 $11 {and White is okay.}) 20... Nxh3+ $1 $19 {[%mdl 512]} 21. gxh3 Qg5+ 22. Kh1 {[#]} Rxf2 $1 {[%cal Og5g3]} 23. Re2 {[#]} Raf8 $1 {[%cal Og5g3]} 24. Rxf2 Rxf2 25. Qe1 {[#]} e3 26. Nxe6 Qg3 {[%csl Gf2][%cal Rg3h2]} 27. Qxf2 exf2 {[%csl Gf2][%cal Rg3g1]} 28. Bg2 Qxe5 {Hoping for ...Qe1+.} 29. Rf1 Qxe6 30. Rxf2 {[%mdl 4096] Endgame KQ-KRB} h5 31. Rf1 Kh7 32. a5 Qe2 33. b4 b6 34. axb6 axb6 35. Rf3 Kh6 36. Kh2 Qe5+ 37. Kh1 d4 38. cxd4 Qxd4 39. b5 Qd5 40. Rc3 Qxb5 41. Rc6 Qb4 42. Bf3 b5 43. Kg2 Kg5 44. Re6 Qc3 {( -> ...b4)} 45. Re4 Kf5 46. h4 g5 {Black mates.} 47. hxg5 Kxg5 48. Re7 b4 49. Rb7 Kh4 50. Re7 g5 {Weighted Error Value: White=0.49/Black=0.04 (flawless)} 0-1

[Event "Charity Cup MCCT Prel 2022"]
[Site "Online"]
[Date "2022.03.16"]
[Round "8.3"]
[White "Duda, Jan-Krzysztof"]
[Black "Jones, Gawain C B"]
[Result "1-0"]
[WhiteElo "2760"]
[BlackElo "2671"]
[Annotator "TA"]
[PlyCount "129"]
[EventDate "2022.03.18"]
[EventType "tourn"]
[EventCountry "NET"]
[SourceTitle "playchess.com"]
[Source "ChessBase"]
[SourceQuality "1"]

{[%evp 15,129,10,8,-4,-1,-27,26,25,42,38,42,47,53,47,70,61,61,66,54,55,60,59,102,103,148,156,132,133,117,127,127,115,127,138,126,125,115,102,120,122,129,132,191,174,191,171,181,171,174,131,215,223,203,183,218,178,192,166,215,203,268,212,296,297,285,293,293,290,278,289,273,263,270,270,246,279,285,281,258,259,325,322,475,464,468,453,445,404,543,522,796,772,763,648,806,796,1110,1044,1642,1643,2240,1912,1871,1822,1914,1986,3245,3245,2235,1587,9414,12518,12850,12593,29952,12518]} 1. d4 Nf6 2. c4 g6 3. Nc3 Bg7 4. e4 d6 5. f3 O-O 6. Be3 c5 7. Nge2 Nc6 8. Qd2 Qa5 9. b3 $5 {[%mdl 4] Leaves trodden paths. E81: King's Indian: Sämisch: 6th move deviations (including 6 Be3 c6).} a6 10. Rc1 cxd4 (10... b5 $142) 11. Nxd4 $11 {White has an edge.} Bd7 {[#]} 12. Nxc6 $146 ({Predecessor:} 12. Be2 Rfc8 13. O-O Nxd4 14. Bxd4 b5 15. Rc2 Bc6 16. cxb5 axb5 17. Nxb5 Qxd2 18. Rxd2 e5 19. Be3 d5 20. Na7 {1-0 (20) Banas,J (2366)-Balogh,P (2278) Slovakia 2008}) 12... bxc6 13. Be2 Be6 14. O-O Nd7 {[#]} 15. Nd5 $1 Qxd2 16. Nxe7+ Kh8 17. Bxd2 {[%cal Be3d2,Bd2b4,Bb4c3][%mdl 32]} Nb8 18. Bb4 Bd4+ (18... Rd8 $14 {feels stronger.}) 19. Kh1 $16 Bc5 {[#]} ({Black should try} 19... Rd8) 20. Bc3+ $1 f6 21. f4 {Black must now prevent f5. White is more active.} Ra7 {[#]} 22. f5 $1 Rxe7 23. fxe6 Rxe6 24. Bg4 $36 {[%mdl 2048] Keeping Black busy.} Rxe4 {[#]} 25. Rxf6 $1 Rxf6 26. Bxf6+ Kg8 27. Bf3 {This bishop pair is nice.} Re8 28. Bc3 Kf7 (28... Ba3 $16 {was called for.} 29. Rd1 Kf7) 29. b4 Be3 30. Rf1 {aiming for Bxc6+.} Ke7 31. Re1 Kf8 32. a4 ({White should play} 32. g3 $18) 32... Bg5 (32... Re7 $16 33. Rd1 Bf4) 33. Rf1 $18 {Hoping for Bxc6+.} Ke7 34. g3 Kd7 35. b5 axb5 36. cxb5 d5 (36... cxb5 $142 37. axb5 Re3) 37. h4 Be3 38. Re1 Re7 39. bxc6+ Nxc6 40. Bxd5 Bc5 41. Rxe7+ Nxe7 {[%mdl 4096] Endgame KBB-KBN} 42. Be4 Kd6 43. Kg2 Nd5 44. Bd2 Ne3+ 45. Kf3 Nc4 46. Bc3 Bb6 47. g4 Ke6 48. Bc2 {Strongly threatening Bb3.} Ne5+ (48... Kd5 {keeps fighting.} 49. Bb3 Kc5) 49. Kf4 Nc6 50. Bb3+ Ke7 51. Bd5 Bc7+ 52. Ke4 Nb8 53. a5 {[%cal Ba4a5,Ba5a6][%mdl 32]} Nd7 54. Bc4 Nf6+ 55. Kf3 Nd7 56. a6 {a7 is the strong threat.} Bb6 57. g5 Kd6 58. Bg8 Kc6 59. Bxh7 Nf8 60. Bg8 Kb5 61. Bg7 {White wants to mate with a7.} Nd7 62. Bf7 Kxa6 63. Bxg6 {Threatening mate with h5.} Bd8 64. Kg4 {Intending h5 and mate.} Nc5 65. Bf5 {Weighted Error Value: White=0.07 (flawless) /Black=0.46} (65. Kf5 $142 Ka5 66. Be8 Na6 67. g6 Nc7 68. Bf7 Nb5 69. Be5 Na7 70. g7) 1-0

[Event "Charity Cup MCCT Prel 2022"]
[Site "Online"]
[Date "2022.03.15"]
[Round "8.4"]
[White "Harikrishna, Pentala"]
[Black "Anton Guijarro, David"]
[Result "1/2-1/2"]
[WhiteElo "2719"]
[BlackElo "2691"]
[Annotator "TA"]
[PlyCount "107"]
[EventDate "2022.03.18"]
[EventType "tourn"]
[EventCountry "NET"]
[SourceTitle "playchess.com"]
[Source "ChessBase"]
[SourceQuality "1"]

{[%evp 9,107,4,10,2,12,0,1,-4,-7,-15,-21,-22,-23,-16,-19,-22,-22,-11,-6,-18,-14,-12,0,-12,22,-24,13,-25,31,34,20,16,6,0,29,0,0,0,7,0,12,22,49,47,49,0,0,0,0,0,13,0,13,0,45,8,22,0,61,43,14,0,37,0,0,0,0,0,86,76,118,108,160,149,120,0,9,11,68,0,0,0,0,0,0,0,0,0,0,0,0,0,0,0,0,0,0,0,0,0]} 1. d4 d5 2. Nf3 e6 3. Bf4 Bd6 4. e3 Bxf4 5. exf4 Ne7 6. Nbd2 {D02: 1 d4 d5 2 Nf3 sidelines, including 2...Nf6 3 g3 and 2...Nf6 3 Bf4.} b6 7. c3 O-O 8. h4 c5 9. h5 h6 {[#]} 10. Rc1 $146 ({Predecessor:} 10. Bd3 Nec6 11. Qe2 cxd4 12. Nxd4 Qf6 13. Qe3 e5 14. fxe5 Nxe5 15. Be2 Nbc6 16. O-O-O {½-½ (58) Banusz,T (2641)-Grandelius,N (2666) Chess.com INT 2021}) 10... Ba6 11. Bxa6 Nxa6 12. O-O Nb8 13. Ne5 Nbc6 14. Ndf3 Rc8 15. Re1 Nf5 16. Qa4 Qe8 {Hoping for ...Nxe5.} 17. Qd1 (17. Nxc6 $142 Qxc6 18. Qxc6 Rxc6 19. g4) 17... Nce7 18. Ng4 f6 (18... Qb5 $11) 19. Ngh2 $14 Qd7 20. Qe2 {And now g4 would win.} Kf7 $1 21. Rcd1 Nc6 ({Much less strong is} 21... cxd4 22. g4 dxc3 23. gxf5 Nxf5 24. bxc3 $14) 22. Ng4 cxd4 23. cxd4 Qd6 24. g3 Rc7 25. Ne3 Nxe3 26. Qxe3 Ne7 27. g4 {To avoid Nf5} (27. Re2 $14) 27... Rc2 28. Rd2 Rxd2 29. Qxd2 Rc8 30. Kg2 a5 31. Re2 b5 (31... Rc4 $11) 32. Nh4 {[%cal Oh4g6]} b4 33. Qe3 Rc4 (33... Qd7 $1 $11) 34. Ng6 $1 {[%cal Of4f5]} Nc6 ({But not} 34... Nxg6 35. hxg6+ Kf8 36. f5 $16) 35. Rd2 a4 36. b3 (36. g5 $5 {[%cal Rg5h6]}) 36... Rc3 37. Rd3 axb3 38. axb3 Rc2 (38... Ne7 $11) 39. Qf3 Ne7 {[#]} (39... Rc1 $142) 40. f5 $1 $16 Nxg6 (40... exf5 $142 41. Re3 Rc3) 41. hxg6+ {[%mdl 4096] Endgame KQR-KQR} Ke7 {[#]} 42. fxe6 (42. Rd1 $1 $16) 42... Qc6 43. Qf4 Qc7 ({Better is} 43... Rc3 $11 44. Rf3 Qd6) 44. Qf3 (44. Qxc7+ $14 Rxc7 45. Rd2) 44... Rc3 $11 {The position is equal.} 45. Re3 Qc6 46. Qf4 Rxe3 47. fxe3 {KQ-KQ} Qc2+ 48. Kg3 Qc1 49. Kg2 Qd2+ 50. Kf1 Qc1+ 51. Kf2 Qd2+ 52. Kf1 Qc1+ 53. Kf2 Qd2+ 54. Kf1 {Weighted Error Value: White=0.12 (very precise) /Black=0.16 (very precise)} 1/2-1/2

[Event "Charity Cup MCCT Prel 2022"]
[Site "Online"]
[Date "2022.03.15"]
[Round "8.5"]
[White "Hansen, Eric"]
[Black "Van Foreest, Jorden"]
[Result "1/2-1/2"]
[WhiteElo "2606"]
[BlackElo "2702"]
[Annotator "TA"]
[PlyCount "189"]
[EventDate "2022.03.18"]
[EventType "tourn"]
[EventCountry "NET"]
[SourceTitle "playchess.com"]
[Source "ChessBase"]
[SourceQuality "1"]

{[%evp 9,189,16,23,23,22,0,5,-7,0,0,0,0,0,-23,0,0,0,0,0,0,0,0,9,0,0,0,0,0,0,-13,0,0,0,-21,-8,-38,-45,-53,-53,-45,0,-39,-6,-6,-2,-6,-4,-12,-4,-41,-28,-39,-14,-14,-16,-14,-12,-8,0,0,0,0,0,-14,0,0,25,0,0,0,0,0,0,0,125,125,129,132,122,117,130,125,132,132,110,119,139,140,203,191,199,0,135,129,127,118,181,49,49,45,50,42,43,43,82,80,82,65,81,34,34,13,111,21,39,0,0,0,0,0,0,0,0,0,0,0,0,0,0,0,0,0,0,0,0,0,0,0,0,0,0,0,0,0,0,0,0,0,0,0,0,0,0,0,0,0,0,0,0,0,0,0,0,0,0,0,0,0,0,0,0,0,0,0,0,0,0,0,0,0,0,0]} 1. e4 c5 2. Nf3 d6 3. Bb5+ Nd7 4. Ba4 Ngf6 5. O-O e6 6. Re1 {B51: Sicilian: Moscow Variation (3 Bb5+) without 3...Bd7.} Be7 7. c4 O-O 8. Nc3 Ne5 {[#]} 9. Nxe5 $146 ({Predecessor:} 9. d3 Nxf3+ 10. Qxf3 Nd7 11. Bxd7 Bxd7 12. Qg3 Bc6 13. Bf4 Kh8 14. Rad1 e5 15. Bc1 {½-½ (22) Nakamura,H (2736)-Sarana,A (2657) Chess.com INT 2020}) 9... dxe5 10. d3 Bd7 11. Be3 a6 12. a3 Rb8 13. Bxd7 Qxd7 14. Qe2 Rfd8 15. Red1 b5 16. cxb5 axb5 17. a4 bxa4 18. Rxa4 Rb4 19. Ra2 h6 20. h3 Bf8 21. Qc2 Nh5 22. g3 f5 {[%cal Bf7f5,Bf5f4][%mdl 32]} 23. Kg2 f4 24. Bc1 Rd4 (24... Qf7 $15) 25. Qe2 (25. Ne2 $5 {[%cal Re2d4]} Rxe4 26. dxe4 Qxd1 27. Qxd1 Rxd1 28. gxf4 $11) 25... Nf6 {[%cal Oc5c4] Threatens to win with ...c4!} 26. gxf4 exf4 27. Bxf4 c4 {[%cal Rd4d3]} 28. Be5 Rxd3 29. Raa1 (29. Bxf6 $5 gxf6 30. Rg1 $15) 29... Qe8 30. Rxd3 $1 cxd3 31. Qf3 Qg6+ 32. Kf1 Qg5 (32... Bc5 $5 {[%cal Rf6d7]} 33. Bxf6 Qxf6 34. Qxf6 gxf6 $15) 33. Bxf6 gxf6 34. Rd1 d2 35. Qg4 Kf7 36. Ke2 Qa5 37. Rxd2 h5 38. Qf4 Qa6+ $1 39. Ke1 Qa1+ 40. Ke2 Qa6+ ({Don't do} 40... e5 41. Qe3 (41. Qf5 Rxd2+ 42. Kxd2 Qxb2+ 43. Kd3 Bc5 $11) 41... Rb8 42. Qf3 Rxb2 43. Qxh5+ Kg7 44. Qg4+ Kf7 45. Nd5 (45. Qd7+ Kg6 $16) 45... Qa6+ 46. Ke1 $16) 41. Ke1 {Dancing on a razor blade.} Bd6 {Prevents Qc7+.} (41... Qa1+ $11 42. Rd1 Rxd1+ 43. Nxd1 Bb4+ 44. Ke2 Qa6+ 45. Kf3 Qf1) 42. Qh6 $16 Rg8 {[%cal Rg8g1]} 43. Qxh5+ Ke7 {[%cal Rg8g1]} 44. Kd1 {[%cal Oe4e5]} Rg7 45. Qh8 Kf7 46. e5 fxe5 47. Qh5+ Ke7 48. Kc2 Qc6 (48... Qb6 $16 49. h4 Qc6) 49. Qh4+ $18 Kf7 50. Qh5+ (50. b4 $1 $18) 50... Ke7 $1 $16 51. Qh6 Kf7 52. Qh4 Rg2 {[#]} (52... Kg8 $16 {was called for.}) 53. Re2 (53. b4 $1 $18) 53... Qf3 $1 $14 54. Qh7+ Rg7 55. Qd3 Qxd3+ ({Less strong is} 55... Qc6 56. h4 $16) 56. Kxd3 {[%mdl 4096] Endgame KRB-KRN} Bc5 57. Ne4 Bd4 58. b4 {[%cal Of2f4]} Kg6 59. Re1 (59. f3 $16 {Black must now prevent Rg2+.} Kf5 60. Ra2) 59... Kf5 60. h4 (60. f3 $5 {[%cal Rh3h4]}) 60... Rg4 {[#]} (60... Rd7 $11 {keeps the balance.} 61. Kc4 Rc7+ 62. Kd3 Rd7) 61. h5 ({White should play} 61. Ng3+ $1 $16 Kf6 62. h5) 61... Rh4 $1 $11 62. Re2 Kf4 {The position is equal.} 63. b5 Rxh5 64. Nd2 Rh3+ 65. f3 Rh1 66. Rg2 Re1 67. Rg4+ Kf5 68. Re4 Rc1 69. Rg4 Rc3+ 70. Ke2 Rc2 71. Kd1 Rb2 72. Ne4 Rb3 73. Nd6+ Kf6 74. Ne4+ Kf5 75. Nd6+ Kf6 76. Rg8 Ke7 77. Ne4 Rxf3 78. Rg7+ Kd8 79. Ng5 Rf6 80. Ke2 e4 81. Rg8+ Kc7 82. Nxe4 Rf5 83. Kd3 Bb6 84. Rg7+ Kb8 85. Kc4 Rd5 {...Rd4+ is the strong threat.} 86. Rg8+ Kb7 {Hoping for ...Rd4+.} 87. Rg7+ Kb8 {Strongly threatening ...Rd4+.} 88. Nf6 Rc5+ 89. Kb4 {aiming for Nd7+.} Rc7 90. Rg8+ Kb7 91. Re8 Bc5+ 92. Kb3 Kb6 93. Rb8+ Ka7 94. Re8 Kb6 95. Rb8+ {Blacks defense is rewarded with a draw.  Weighted Error Value: White=0.15 (very precise) /Black=0.14 (very precise)} 1/2-1/2

[Event "Charity Cup MCCT Prel 2022"]
[Site "Online"]
[Date "2022.03.15"]
[Round "8.6"]
[White "Ding, Liren"]
[Black "Praggnanandhaa R"]
[Result "0-1"]
[WhiteElo "2799"]
[BlackElo "2612"]
[Annotator "TA"]
[PlyCount "98"]
[EventDate "2022.03.18"]
[EventType "tourn"]
[EventCountry "NET"]
[SourceTitle "playchess.com"]
[Source "ChessBase"]
[SourceQuality "1"]

{[%evp 20,98,26,20,35,27,17,22,24,12,18,18,21,21,21,19,12,20,16,18,11,21,11,16,25,24,20,22,18,18,26,11,14,10,20,0,6,6,5,0,0,0,0,0,0,0,21,0,7,0,0,0,12,0,0,-61,0,0,0,0,0,0,0,0,0,-95,0,-434,-438,-407,-379,-322,-322,-992,-979,-943,-789,-29977,-29978,-29978,-29976]} 1. Nf3 d5 2. g3 c5 3. Bg2 Nc6 4. d4 Nf6 5. O-O e6 6. c4 dxc4 7. dxc5 Qxd1 8. Rxd1 Bxc5 9. Nbd2 {[%cal Bb1d2,Bd2b3,Bb3a5,Ba5c6,Bc6e5][%mdl 32]} c3 10. bxc3 O-O 11. Nb3 Be7 {E04: Open Catalan: 5 Nf3.} 12. Nfd4 Nxd4 13. cxd4 Nd5 {The position is equal.} 14. Bd2 f5 15. Na5 b6 16. Nc6 Bf6 17. a4 (17. e3 {with more complications.} Bb7 18. Nb4 Rfc8 19. a4 Rab8 20. a5) 17... Bb7 {[#]} 18. Bxd5 $146 ({Predecessor:} 18. Ne5 Rfd8 19. a5 Rac8 20. axb6 axb6 21. e3 Rc2 22. Nd3 Bc6 23. Ne1 Rb2 24. Nd3 {½-½ (80) Harika,D (2508)-Zhang,X (2349) China 2015}) 18... exd5 19. Ne5 Ba6 20. Kf1 Rfe8 21. f4 Rec8 22. Ke1 Bc4 23. Rdb1 Rab8 24. Rb2 a6 25. Bb4 b5 26. Bd6 Ra8 27. a5 Rd8 28. Bc5 Rac8 29. Kd2 g5 30. Kc3 h5 31. e3 Kg7 32. Kb4 Rh8 33. h3 g4 34. Rh2 Bxe5 35. fxe5 Bd3 36. e6 Be4 37. e7 (37. h4 $11) 37... Kf7 (37... h4 $15 38. hxg4 hxg3 39. Rxh8 Kxh8) 38. h4 Rhe8 39. Ra3 Rxe7 40. Bxe7 {Bc5 is the strong threat.} Rc4+ 41. Kb3 {Black must now prevent Bg5.} Kxe7 $11 {[%mdl 4096] Endgame KRR-KRB} 42. Kb2 (42. Ra1 $11 {remains equal.}) 42... Kd6 {Black is more active.} (42... Kd7 $17) 43. Rc3 $2 {[%mdl 8192]} (43. Rd2 $11) 43... b4 $1 $19 44. Rc1 {[#]} Kc6 $1 {aiming for ...Rxc1.} 45. Rd2 Kb5 46. Rdd1 $2 {[#]} (46. Ra1 Rc7 47. Rf2) 46... Bf3 $1 47. Rf1 Kxa5 48. Rxc4 dxc4 {[%cal Bd5c4,Bc4c3][%mdl 32]} 49. d5 c3+ {Weighted Error Value: White=0.57/Black=0.07 (flawless)} 0-1

[Event "Charity Cup MCCT Prel 2022"]
[Site "Online"]
[Date "2022.03.15"]
[Round "8.7"]
[White "Carlsen, Magnus"]
[Black "Lei, Tingjie"]
[Result "1-0"]
[WhiteElo "2865"]
[BlackElo "2535"]
[Annotator "TA"]
[PlyCount "107"]
[EventDate "2022.03.18"]
[EventType "tourn"]
[EventCountry "NET"]
[SourceTitle "playchess.com"]
[Source "ChessBase"]
[SourceQuality "1"]

{[%evp 9,107,22,24,18,15,8,27,25,21,9,11,0,0,0,18,0,8,6,13,15,33,23,64,50,120,108,132,131,179,178,207,109,108,110,110,111,108,111,111,102,104,49,58,63,90,89,60,80,70,66,85,57,74,80,86,80,75,70,104,62,64,64,185,188,348,312,290,141,129,133,146,54,212,205,473,463,425,422,398,382,358,61,61,68,326,23,758,755,752,725,5297,8986,12825,6609,29969,29970,29992,29993,29996,29997]} 1. c4 e5 2. Nc3 Bb4 3. Nd5 a5 4. a3 Bc5 5. e3 d6 6. Nf3 {A21: English Opening: 1...e5 2 Nc3.} c6 7. Nc3 Ba7 8. d4 {White has an edge.} Nd7 $1 {[#]} 9. d5 $146 {With the idea dxc6.} ({Predecessor:} 9. b4 Ngf6 10. Bb2 Qe7 11. Be2 O-O 12. O-O Re8 13. Qb3 Bb8 14. d5 c5 15. b5 {0-1 (58) Sarana,A (2643)-Rakhmanov,A (2653) Moscow 2021}) 9... cxd5 10. Nxd5 Ngf6 11. Nc3 $36 {[%mdl 2048] White is more active.} Nc5 12. Be2 O-O 13. O-O h6 14. Qc2 Bg4 {[%cal Oa5a4]} 15. b4 Ne6 (15... Ncd7 $11 {might be stronger.}) 16. Rd1 {[%cal Of3e5]} Qe7 (16... Qc8 $14) 17. h3 $16 Bh5 18. Nh4 $1 {Threatens to win with Nf5.} Rfd8 (18... g6 $16 {is a better defense.}) 19. Nf5 $18 (19. bxa5 $6 Bxe2 20. Nf5 Qf8 21. Qxe2 g6 $16) 19... Qf8 20. Nd5 (20. Bxh5 $18 Nxh5 21. Nd5 (21. bxa5 g6 $16)) 20... Nxd5 $16 21. Bxh5 Nf6 22. Bf3 {White is more active.} g6 23. Ng3 (23. Bxb7 Rab8 24. Bc6 gxf5 25. Qxf5 Rbc8 $1 $15) 23... Qe7 24. Bb2 Rac8 {[%cal Ob7b5]} 25. c5 (25. Ne4 $16) 25... Bb8 $14 26. Qb3 Ng5 27. cxd6 Nxf3+ 28. gxf3 Bxd6 {[%cal Ra5b4]} 29. bxa5 h5 30. Rd2 h4 31. Ne4 Nxe4 32. fxe4 Bc7 {[%csl LRa5,LRd2]} 33. Rad1 Bxa5 34. Rd5 (34. Rxd8+ $1 $16 Bxd8 35. Qb5) 34... Rxd5 35. Rxd5 Qe6 (35... Qg5+ $2 36. Kf1 b6 37. Qa4 $18 (37. Rxe5 Qd8 $18)) (35... Bc7 $14) 36. Kg2 $18 ({Worse is} 36. Qxb7 Qxh3 $1 37. Rd7 (37. Rxa5 Qg4+ 38. Kh2 h3 $17) 37... Qg4+ 38. Kf1 (38. Kh2 $2 Rf8 $19) 38... Qh3+ 39. Kg1 Rd8 40. Rxd8+ Bxd8 $11) 36... Bd8 $2 (36... Bb6 37. Bxe5 Re8) 37. Qxb7 ({Less strong is} 37. Bxe5 b6 38. Qd3 Bf6 $16) 37... Bf6 38. Rd6 {Inhibits Rc6.} Qxd6 $16 39. Qxc8+ Kg7 {[#]} 40. Qc4 {To avoid Qd3} ({White should play} 40. Qc2 $1 $16) 40... Qd1 $2 {[#]} (40... Qd2 $1 $14 41. Qc1 Qd3) 41. Qd5 $1 $18 Qh5 (41... Qa4 42. Bxe5 Qxa3 43. Bxf6+ Kxf6 44. Qd8+ Ke6 45. Qxh4 Qd6 46. Qg4+ Ke7 47. Qh4+ Ke6) 42. a4 {Strongly threatening a5.} Qg5+ 43. Kf1 {Hoping for a5.} Qh5 44. a5 {Black must now prevent a6.} Qf3 45. a6 $2 (45. Bxe5 $18 Qxh3+ 46. Ke1 Bxe5 47. Qxe5+ Kh6 48. Qf4+ Kg7 49. Qe5+ Kh7 50. Qe7) 45... Qxh3+ $14 46. Ke1 Qh1+ 47. Kd2 $2 (47. Ke2 $18 Qb1 48. Bxe5 Bxe5 49. Qxe5+ Kh7 50. Qf6) 47... Qf1 $2 {[%mdl 8192]} (47... Qb1 $11 48. Bxe5 Qb6) 48. a7 $18 Qxf2+ 49. Kd3 Qf1+ 50. Kc3 h3 51. a8=Q {Intending Qe8 and mate.} h2 52. Qe8 {White mates.} Bg5 53. Kb3 h1=Q 54. Bxe5+ {Weighted Error Value: White=0.32/Black=0.44} 1-0